MARC

LEADER 00000nlm0a2200000 4500
001 271254
005 20231101234423.0
010 |a 9785769566677 
035 |a (RuTPU)RU\TPU\book\294435 
090 |a 271254 
100 |a 20141006d2011 m y0rusy50 ca 
101 0 |a rus 
102 |a RU 
105 |a a j 001zy 
135 |a vocna---uucaa 
181 0 |a i  
182 0 |a b 
200 1 |a Геология и разведка месторождений полезных ископаемых  |b Электронный ресурс  |e учебник в электронном формате  |f под ред. В. В. Авдонина 
203 |a Текст  |c электронный 
210 |a Москва  |c Академия  |d 2011 
215 |a 1 Мультимедиа CD-ROM 
225 1 |a Высшее профессиональное образование. Бакалавриат 
230 |a Мультимедиа ресурсы (10 директорий; 100 файлов; 740MB) 
300 |a Электронная копия печатного издания. 
320 |a Библиогр.: с. 405. 
333 |a Режим доступа: из корпоративной сети ТПУ 
337 |a Pentium 100 MHz, 16 Mb RAM, Windows 95/98/NT/2000, CDROM, SVGA, звуковая карта, Internet Explorer 5.0 и выше 
606 1 |a Месторождения полезных ископаемых  |x Геология  |2 stltpush  |3 (RuTPU)RU\TPU\subj\42231  |9 61918 
606 1 |a Полезные ископаемые  |x Поиски и разведка  |2 stltpush  |3 (RuTPU)RU\TPU\subj\50100  |9 68847 
610 1 |a CD-ROM 
610 1 |a учебники 
610 1 |a формирование 
610 1 |a геологические условия 
610 1 |a разработка 
610 1 |a компьютерное моделирование 
610 1 |a запасы 
610 1 |a подсчет 
610 1 |a геостатистические методы 
610 1 |a экологические проблемы 
610 1 |a железомарганцевые руды 
675 |a 550.8(075.8)  |v 3 
675 |a 553(075.8)  |v 3 
702 1 |a Авдонин  |b В. В.  |g Виктор Васильевич  |4 340 
801 1 |a RU  |b 63413507  |c 20141006 
801 2 |a RU  |b 63413507  |c 20221209  |g RCR 
856 4 |u http://www.lib.tpu.ru/fulltext2/m/2014/FN/fn-112.pdf 
942 |c CF